Stratégie SR v boji s nelegálnou migráciou
Nelegálna migrácia z pohľadu európskej globálnej stratégie. Medzinárodné aspekty migrácie z pohľadu práva EÚ a OSN. Od ekonomickej migrácie k bezpečnostným aspektom nelegálnej migrácie. Nelegálna migrácia z pohľadu Slovenskej republiky. Stratégie a koncepcie vlády SR v boji proti nelegálnej migrácii...
Salvato in:
| Autore principale: | |
|---|---|
| Natura: | Capitolo di libro |
| Lingua: | slovacco |
| Soggetti: | |
| Tags: |
Nessun Tag, puoi essere il primo ad aggiungerne!!
|
MARC
| LEADER | 00000nla a2200000 4500 | ||
|---|---|---|---|
| 001 | 0226684 | ||
| 005 | 20240502073732.2 | ||
| 041 | 0 | |a slo | |
| 044 | |a SK | ||
| 245 | 1 | 0 | |a Stratégie SR v boji s nelegálnou migráciou |c Ladislav Čeri |
| 520 | |a Nelegálna migrácia z pohľadu európskej globálnej stratégie. Medzinárodné aspekty migrácie z pohľadu práva EÚ a OSN. Od ekonomickej migrácie k bezpečnostným aspektom nelegálnej migrácie. Nelegálna migrácia z pohľadu Slovenskej republiky. Stratégie a koncepcie vlády SR v boji proti nelegálnej migrácii. Preventívno-bezpečnostné opatrenia proti nelegálnej migrácii. Strednodobé a dlhodobé opatrenia. | ||
| 610 | 2 | 0 | |a migrácia nelegálna |
| 610 | 2 | 0 | |a imigrácia |
| 610 | 2 | 0 | |a utečenci |
| 610 | 2 | 0 | |a bezpečnosť |
| 610 | 2 | 0 | |a stratégia bezpečnostná |
| 610 | 2 | 0 | |a sily ozbrojené |
| 610 | 2 | 0 | |a právo |
| 610 | 2 | 0 | |a hranice štátne |
| 610 | 2 | 0 | |a Európska únia |
| 610 | 2 | 0 | |a Slovensko |
| 100 | 1 | |a Čeri, Ladislav | |